Central Library OPAC University of Rajshahi

اسباب بغاوت هند / Asbāb-i bag̲ẖāvat-i Hind / (Record no. 81804)

MARC details
000 -LEADER
fixed length control field 00670nam a22002053i 4500
001 - CONTROL NUMBER
control field 81804
003 - CONTROL NUMBER IDENTIFIER
rucl marc code BD-RjUL
005 - DATE AND TIME OF LATEST TRANSACTION
control field 20230829152634.0
008 - FIXED-LENGTH DATA ELEMENTS--GENERAL INFORMATION
fixed length control field 210825s1971 ii ||| | urd d
035 ## - SYSTEM CONTROL NUMBER
System control number (BD-RjUL)81804
040 ## - CATALOGING SOURCE
Original cataloging agency UkOxU
Language of cataloging eng
Description conventions rda
Transcribing agency UkOxU
041 ## - LANGUAGE CODE
Language code of text/sound track or separate title urd
082 ## - DEWEY DECIMAL CLASSIFICATION NUMBER
Edition number 23
Classification number 954
Author mark and year
100 ## - MAIN ENTRY--PERSONAL NAME
Personal name خاں, سر سيد احمد ;; Khakh, Sir Syed Ahmed
9 (RLIN) 8686
245 00 - TITLE STATEMENT
Title اسباب بغاوت هند / Asbāb-i bag̲ẖāvat-i Hind /
Statement of responsibility, etc. taṣnīf Sar Sayyid Aḥmad Ḵẖān ;تصنيف سر سيد احمد خاں;
264 #1 - PRODUCTION, PUBLICATION, DISTRIBUTION, MANUFACTURE, AND COPYRIGHT NOTICE
Place of production, publication, distribution, manufacture lahore :
Name of producer, publisher, distributor, manufacturer aynah i adab,
Date of production, publication, distribution, manufacture, or copyright notice 1971.
300 ## - PHYSICAL DESCRIPTION
Pagination 112 pages ;
Size 20 cm
650 ## - SUBJECT ADDED ENTRY--TOPICAL TERM
Geographic subdivision India
Form subdivision History
942 ## - ADDED ENTRY ELEMENTS (KOHA)
Source of classification or shelving scheme Dewey Decimal Classification
Koha item type Books
Holdings
Lost status Source of classification or shelving scheme Damaged status Not for loan Collection code Permanent Location Current Location Shelving location Date acquired Full call number Date last seen Copy number Koha item type
  Dewey Decimal Classification   Not For Loan Non-fiction Central Library, University of Rajshahi Central Library, University of Rajshahi Reading Room 29/08/2023 U 954 KHA 1971 29/08/2023 C-1 Books